000 00407nam a2200157 i 4500
001 71669
003 ES-MaACL
005 20230906171208.0
007 t|
008 040817s1969 sp ||||1| baq d
100 1 _aGereño, Javier.
_956438
245 1 0 _aArantza artean /
_cXabier Gereño.
260 _aZarauz :
_bItxaropena,
_c1969.
300 _a112 p. ;
_c18 cm.
852 _aES-MaACL
_jC-51517
_bR.72523
999 _c71669
_d71669